00390nam a2200145Ia 4500008004000000020001500040041000800055082001300063100001900076245003200095260006700127300001400194650001900208650001700227210210b2008 xxu||||| |||| 00| 0 eng d a8122422004 aeng a576 KARP aKAR (Ashutosh) aPharmaceutical microbiology aNew DelhibNew Age International (P) Limited Publishersc2008 axviii,363 aPharmaceutical amicrobiology